[Event "6. Bayer Open"]
[Site "Leverkusen"]
[Date "2009.02.17"]
[Round "3"]
[White "van Kempen, Susanne"]
[Black "Granz, Thomas"]
[Result "1/2-1/2"]
[WhiteElo "1612"]
[BlackElo "1651"]
[PlyCount "55"]
[EventDate "2009.??.??"]
[SourceDate "2009.01.13"]

1. e4 e5 2. Nf3 Nc6 3. Bc4 Bc5 4. O-O d6 5. h3 Nge7 6. Nc3 O-O 7. Na4 Bb6 8. c3
Be6 9. Bxe6 fxe6 10. Nxb6 axb6 11. d3 Qe8 12. Nh2 Ng6 13. Be3 Nf4 14. Bxf4 Rxf4
15. g3 Qg6 16. Kh1 Rf7 17. Qg4 Qf6 18. f4 Qe7 19. f5 exf5 20. Rxf5 Raf8 21.
Raf1 b5 22. Rxf7 Rxf7 23. Rxf7 Kxf7 24. Qh5+ Kg8 25. Nf3 b4 26. Qg5 Qf7 27. Qf5
Qxf5 28. exf5 1/2-1/2

[Event "6. Bayer Open"]
[Site "Leverkusen"]
[Date "2009.02.09"]
[Round "3"]
[White "Fröhling, Ewald"]
[Black "Blomeyer, Peter"]
[Result "0-1"]
[WhiteElo "1607"]
[BlackElo "1882"]
[PlyCount "80"]
[EventDate "2009.??.??"]
[SourceDate "2009.01.13"]

1. e4 d6 2. d4 Nf6 3. Nc3 e5 4. dxe5 dxe5 5. Qxd8+ Kxd8 6. Bg5 Be6 7. Nf3 Nbd7
8. O-O-O Kc8 9. h3 a6 10. a3 Bc5 11. Bh4 h6 12. Bg3 Bd6 13. Be2 Rg8 14. Nd2 b5
15. f3 Nb6 16. Bf2 Nfd7 17. g3 g5 18. g4 Bc5 19. Bxc5 Nxc5 20. Nf1 Kb7 21. Ne3
Rad8 22. Nf5 Rxd1+ 23. Rxd1 Rh8 24. Ng7 Kc8 25. Nf5 h5 26. Ne7+ Kb7 27. Ned5
hxg4 28. Nxb6 gxf3 29. Bxf3 Rxh3 30. Be2 Kxb6 31. Rd8 Kb7 32. Rg8 Rg3 33. Rg7
g4 34. Rg5 Nd7 35. Nd5 c6 36. Ne7 Kc7 37. Ng8 Kd6 38. Nh6 Nf6 39. Rg7 Ke7 40.
Kd2 Nxe4+ 0-1

[Event "6. Bayer Open"]
[Site "Leverkusen"]
[Date "2009.02.09"]
[Round "3"]
[White "Jiritschka, Wolfgang"]
[Black "Skiber, Friedel"]
[Result "1/2-1/2"]
[WhiteElo "1847"]
[BlackElo "1564"]
[PlyCount "87"]
[EventDate "2009.??.??"]
[SourceDate "2009.01.13"]

1. c4 e5 2. Nc3 Nc6 3. g3 g6 4. Bg2 Nge7 5. e4 Bg7 6. Nge2 O-O 7. d3 d6 8. Nd5
Be6 9. O-O Qd7 10. f4 f5 11. Rb1 Rf7 12. Be3 Raf8 13. Qd2 Nc8 14. b4 Nd4 15. c5
c6 16. Ndc3 Ne7 17. cxd6 Qxd6 18. Na4 fxe4 19. dxe4 Bc4 20. Bxd4 exd4 21. e5
Qd8 22. Rbd1 d3 23. Nc1 Qd4+ 24. Kh1 b5 25. Nc5 Rd8 26. N1xd3 Nf5 27. Qb2 Qe3
28. Rfe1 Nxg3+ 29. hxg3 Qxg3 30. Qf2 Rxd3 31. Qxg3 Rxg3 32. e6 Rxf4 33. Kg1
Bd4+ 34. Rxd4 Rxd4 35. e7 Bf7 36. Kh2 Rgg4 37. e8=Q+ Bxe8 38. Rxe8+ Kf7 39.
Bxc6 Rxb4 40. Rb8 Rb2+ 41. Kh3 Rg5 42. Rb7+ Kg8 43. Rb8+ Kg7 44. Rb7+ 1/2-1/2

[Event "6. Bayer Open"]
[Site "Leverkusen"]
[Date "2009.02.09"]
[Round "3"]
[White "Liebsch, Ulrich"]
[Black "Azimi, Reza"]
[Result "1-0"]
[WhiteElo "1778"]
[BlackElo "1437"]
[PlyCount "143"]
[EventDate "2009.??.??"]
[SourceDate "2009.01.13"]

1. c4 c5 2. Nc3 e6 3. g3 Nc6 4. Bg2 d6 5. e3 Bd7 6. Nge2 Nf6 7. O-O Be7 8. d4
cxd4 9. exd4 O-O 10. b3 a6 11. Bb2 Qc8 12. Rc1 e5 13. dxe5 dxe5 14. Na4 Bd8 15.
Nc5 Bh3 16. Nd3 Bxg2 17. Kxg2 Bc7 18. f4 Rd8 19. fxe5 Bxe5 20. Qc2 Bxb2 21.
Nxb2 Nd4 22. Nxd4 Rxd4 23. Rf2 Ne4 24. Re2 Qc6 25. Kg1 Rad8 26. Rce1 f5 27. b4
Rd2 28. Qb3 Kh8 29. a4 Rxe2 30. Rxe2 Qf6 31. c5 Qd4+ 32. Kg2 Qd7 33. Qe3 Qc6
34. Kg1 Re8 35. Qd4 Qg6 36. Nd3 Qg4 37. Nf4 h5 38. Qd7 Rg8 39. Qe7 Nf6 40. Qf7
h4 41. Kg2 h3+ 42. Kg1 Ne4 43. Qg6 Qxg6 44. Nxg6+ Kh7 45. Nf4 Ng5 46. Re7 Rb8
47. Kf2 b5 48. a5 Rd8 49. Ke2 Rd4 50. c6 Rxb4 51. c7 Rc4 52. Nd5 Rc2+ 53. Kd3
Rc5 54. Nb6 Nf3 55. c8=Q Rxc8 56. Nxc8 Nxh2 57. Re1 Ng4 58. Ke2 g5 59. Kf3 Kg6
60. Re6+ Kf7 61. Rxa6 Ne5+ 62. Kf2 Ng4+ 63. Kg1 f4 64. gxf4 gxf4 65. Rd6 f3 66.
Rd2 Kg6 67. a6 Kh5 68. a7 Kh4 69. a8=Q Kg3 70. Qb8+ Kh4 71. Qf4 b4 72. Qxf3 1-0

[Event "6. Bayer Open"]
[Site "Leverkusen"]
[Date "2009.02.09"]
[Round "3"]
[White "Witte, Volker"]
[Black "Liebsch, Felix"]
[Result "1-0"]
[WhiteElo "1662"]
[BlackElo "1233"]
[PlyCount "101"]
[EventDate "2009.??.??"]
[SourceDate "2009.01.13"]

1. d4 d5 2. c4 e6 3. cxd5 exd5 4. Nc3 c5 5. dxc5 Bxc5 6. Qxd5 Qxd5 7. Nxd5 Bd6
8. Bg5 Be6 9. Bf4 Bxf4 10. Nxf4 Bf5 11. f3 Nc6 12. e4 Bd7 13. Bc4 Nf6 14. Nd5
Nxd5 15. Bxd5 O-O 16. Ne2 Rac8 17. Kf2 b6 18. Rhd1 Rc7 19. Rd2 Rfc8 20. Rad1
Be8 21. Nc3 Ne5 22. Kg3 Nc4 23. Bxc4 Rxc4 24. a4 h5 25. Nd5 Kf8 26. b3 R4c6 27.
Nf4 g6 28. Nd5 a6 29. Kf4 Re6 30. h4 Rcc6 31. Nb4 Rc3 32. Rd3 Rxd3 33. Rxd3 b5
{Schwarz bietet Remis an.} 34. a5 Ke7 35. Nd5+ Kd6 36. b4 Bc6 37. Nf6+ Ke7 38.
e5 Be8 39. Nxe8 Kxe8 40. Rd6 Ke7 41. Rb6 Kd7 42. Rb7+ Ke8 43. Rc7 Kf8 44. Ke4
Ke8 45. Kd5 Kf8 46. Rc6 Ke7 47. Rxe6+ fxe6+ 48. Kc6 Kd8 49. Kd6 Ke8 50. Kxe6
Kd8 51. Kf7 1-0

[Event "6. Bayer Open"]
[Site "Leverkusen"]
[Date "2009.02.09"]
[Round "3"]
[White "Kayser, Manfred"]
[Black "Schimpf, Rolf"]
[Result "0-1"]
[WhiteElo "1314"]
[BlackElo "1763"]
[PlyCount "100"]
[EventDate "2009.??.??"]
[SourceDate "2009.01.13"]

1. d4 f5 2. Nf3 Nf6 3. c4 g6 4. Nc3 Bg7 5. e3 d6 6. g3 c6 7. Bg2 O-O 8. O-O Na6
9. a3 Nc7 10. Rb1 h6 11. h3 Be6 12. b3 Bf7 13. Bb2 Qe8 14. Re1 Rd8 15. Qc2 e6
16. e4 fxe4 17. Nxe4 Nxe4 18. Rxe4 g5 19. Rbe1 Bg6 20. Nd2 Bxe4 21. Bxe4 Qf7
22. Rf1 d5 23. cxd5 exd5 24. Bh7+ Kh8 25. Bg6 Qe6 26. g4 Qd6 27. Bf5 Qf4 28.
Qd3 Nb5 29. Nf3 Rfe8 30. Bc1 Qc7 31. a4 Nd6 32. h4 Nxf5 33. Qxf5 Rf8 34. Qd3
Qf7 35. Ne5 Bxe5 36. dxe5 Qe6 37. hxg5 Qxg4+ 38. Qg3 Qxg3+ 39. fxg3 Rxf1+ 40.
Kxf1 hxg5 41. Bxg5 Rf8+ 42. Bf6+ Kg8 43. Ke2 Kf7 44. Kd3 Rg8 45. Bh4 c5 46. Ke3
Ke6 47. Kf4 Rb8 48. Bf6 b5 49. a5 b4 50. Ke3 Rg8 0-1

[Event "6. Bayer Open"]
[Site "Leverkusen"]
[Date "2009.02.09"]
[Round "3"]
[White "Kolleck, Wolf-Dietrich"]
[Black "Ohst, Thomas"]
[Result "1-0"]
[WhiteElo "1524"]
[BlackElo "1684"]
[PlyCount "66"]
[EventDate "2009.??.??"]
[SourceDate "2009.01.13"]

1. d4 d5 2. c4 e5 3. Nc3 Bb4 4. a3 Bxc3+ 5. bxc3 dxc4 6. d5 Ne7 7. e4 O-O 8.
Bxc4 Nd7 9. Nf3 Ng6 10. Ba2 Nc5 11. Qc2 Bg4 12. Nd2 Kh8 13. Nb3 Qd6 14. O-O Bd7
15. Nxc5 Qxc5 16. a4 f5 17. Bb1 fxe4 18. Ba3 Qxd5 19. Bxf8 Rxf8 20. Qxe4 Qc5
21. Qb4 Qd6 22. Bxg6 hxg6 23. Qxb7 a6 24. Qb4 c5 25. Qh4+ Kg8 26. Rad1 Qe6 27.
a5 Qf5 28. Qc4+ Be6 29. Qxc5 Rc8 30. Qe3 Bc4 31. Rfe1 Re8 32. Qe4 Qf7 33. Re3
Qf4 1-0

[Event "6. Bayer Open"]
[Site "Leverkusen"]
[Date "2009.02.09"]
[Round "3"]
[White "Jakobi, Reik"]
[Black "Schmidt, Werner"]
[Result "1-0"]
[WhiteElo "1634"]
[BlackElo "1435"]
[PlyCount "81"]
[EventDate "2009.??.??"]
[SourceDate "2009.01.13"]

1. c4 d6 2. d4 c6 3. g3 Bf5 4. Nf3 d5 5. Bg2 e6 6. Nc3 h6 7. h4 Bd6 8. O-O Nd7
9. cxd5 cxd5 10. Nd2 a6 11. e4 dxe4 12. Ndxe4 Bb4 13. Bf4 Qb6 14. a3 Be7 15.
Na4 Qb5 16. Nec3 Qa5 17. Bxb7 Ra7 18. b4 Qd8 19. Qf3 Ngf6 20. Qc6 Bd3 21. Bc7
O-O 22. Bxd8 Bxd8 23. Rfd1 Bc2 24. Rd2 Bb3 25. Rb1 Bxa4 26. Nxa4 Nb8 27. Qf3
Nbd7 28. Nc5 Bb6 29. Nxa6 Rd8 30. Rc1 Ne5 31. dxe5 Rxd2 32. Rc8+ Kh7 33. exf6
Rxf2 34. Qe4+ g6 35. Nc5 Rd2 36. Ra8 Bxc5+ 37. bxc5 Rxa8 38. Bxa8 Ra2 39. h5
Rxa3 40. hxg6+ fxg6 41. Qb7+ 1-0

[Event "6. Bayer Open"]
[Site "Leverkusen"]
[Date "2009.02.09"]
[Round "3"]
[White "Müller, Tim"]
[Black "Kinnert, Reinhard"]
[Result "1-0"]
[WhiteElo "1609"]
[BlackElo "1579"]
[PlyCount "83"]
[EventDate "2009.??.??"]
[SourceDate "2009.01.13"]

1. d4 g6 2. Nf3 Bg7 3. e4 d6 4. Bc4 Be6 5. Bxe6 fxe6 6. Ng5 Qd7 7. Qf3 Bf6 8.
Qb3 Bxg5 9. Bxg5 b6 10. O-O h6 11. Be3 Nf6 12. Qd3 Nc6 13. e5 dxe5 14. Qxg6+
Kd8 15. c3 Qe8 16. Qxe8+ Kxe8 17. dxe5 Nxe5 18. Nd2 Nd3 19. b3 Ng4 20. Nf3 e5
21. Rad1 e4 22. Nd2 Rf8 23. Nxe4 Nxe3 24. fxe3 Rxf1+ 25. Kxf1 Ne5 26. Ke2 Kf7
27. Ng3 Rg8 28. Rf1+ Ke6 29. Rf4 Ng4 30. h3 Ne5 31. Nh1 Rxg2+ 32. Nf2 Rg1 33.
Nd1 c5 34. Rf1 Rg2+ 35. Rf2 Rg3 36. Rh2 c4 37. Nf2 Kd5 38. Rh1 cxb3 39. axb3 a5
40. Rd1+ Kc5 41. Ne4+ Kb5 42. Nxg3 1-0

[Event "6. Bayer Open"]
[Site "Leverkusen"]
[Date "2009.02.09"]
[Round "3"]
[White "Reiter, Ute"]
[Black "Buchfelder, Gerhard"]
[Result "0-1"]
[WhiteElo "1145"]
[BlackElo "1455"]
[PlyCount "96"]
[EventDate "2009.??.??"]
[SourceDate "2009.01.13"]

1. e4 e5 2. Nf3 Nc6 3. Bc4 Bc5 4. O-O Nf6 5. Nc3 O-O 6. d3 Na5 7. Bd2 Nxc4 8.
dxc4 Re8 9. Ne2 Nxe4 10. Be3 Bxe3 11. fxe3 d6 12. Qd5 Nf6 13. Qd2 Bd7 14. h3
Bc6 15. Ng3 Ne4 16. Nxe4 Bxe4 17. Qf2 Qf6 18. Qg3 Qg6 19. Qf2 Rf8 20. c3 Rae8
21. Nh4 Qg5 22. Nf3 Qh6 23. Rad1 Re6 24. Nh4 Rf6 25. Nf3 Qg6 26. Qe2 Qg3 27.
Kh1 Bxf3 28. Rxf3 Rxf3 29. Qxf3 Qxf3 30. gxf3 f5 31. Kg2 Rf6 32. b4 Kf7 33. a4
c6 34. c5 Ke7 35. c4 dxc5 36. bxc5 Rf8 37. Rb1 Rb8 38. a5 a6 39. Rd1 Rd8 40.
Rxd8 Kxd8 41. Kg3 Ke7 42. h4 Kf6 43. e4 h5 44. exf5 Kxf5 45. Kf2 g5 46. Kg3
gxh4+ 47. Kxh4 Kf4 48. Kxh5 Kxf3 0-1

[Event "6. Bayer Open"]
[Site "Leverkusen"]
[Date "2009.02.09"]
[Round "3"]
[White "Gnass, Arno"]
[Black "Hingst, Dieter Max Otto"]
[Result "1-0"]
[WhiteElo "1685"]
[BlackElo "1005"]
[PlyCount "69"]
[EventDate "2009.??.??"]
[SourceDate "2009.01.13"]

1. d4 d5 2. c4 dxc4 3. Nf3 Be6 4. e3 c6 5. a4 a5 6. Na3 b5 7. axb5 cxb5 8. Nxb5
a4 9. Na3 Nf6 10. Nxc4 Bxc4 11. Bxc4 Ne4 12. Rxa4 Rxa4 13. Qxa4+ Nd7 14. Ne5 e6
15. Bb5 Ke7 16. Nc6+ Kf6 17. Nxd8 Nb6 18. Qc2 Bb4+ 19. Ke2 Rxd8 20. Qxe4 Bd6
21. Qc6 Rc8 22. Qxb6 Rc2+ 23. Kf3 Be7 24. e4 Kg6 25. e5 Rxc1 26. Rxc1 h5 27. d5
Kg5 28. d6 Bxd6 29. exd6 e5 30. Qe3+ Kf5 31. d7 g5 32. Qe4+ Ke6 33. g4 f5 34.
Qxf5+ Kd6 35. d8=Q# 1-0

[Event "6. Bayer Open"]
[Site "Leverkusen"]
[Date "2009.02.09"]
[Round "3"]
[White "Hummelsheim, Hans"]
[Black "Seelig, Jochen"]
[Result "0-1"]
[WhiteElo "1013"]
[BlackElo "1392"]
[PlyCount "76"]
[EventDate "2009.??.??"]
[SourceDate "2009.01.13"]

1. d4 b6 2. c4 Bb7 3. Nc3 e6 4. a3 Nf6 5. h3 Be7 6. Bf4 d6 7. e3 Nbd7 8. Nge2
e5 9. dxe5 Nxe5 10. Ng3 Ng6 11. Qd4 c5 12. Qd3 Nxf4 13. exf4 g6 14. Nd5 Nxd5
15. cxd5 Bf6 16. Rb1 Qe7+ 17. Be2 a5 18. O-O Ba6 19. Qd2 O-O 20. Rbe1 Bxe2 21.
Rxe2 Qd7 22. Qc2 Rfe8 23. Rfe1 Rxe2 24. Rxe2 Bh4 25. Re3 Bxg3 26. Rxg3 f5 27.
Re3 Re8 28. Qe2 Rxe3 29. Qxe3 Kf7 30. f3 Qe7 31. Kf2 Qf6 32. Qc3 Qxc3 33. bxc3
b5 34. g4 b4 35. axb4 cxb4 36. cxb4 a4 37. b5 Ke7 38. b6 Kd7 0-1

[Event "6. Bayer Open"]
[Site "Leverkusen"]
[Date "2009.03.02"]
[Round "4"]
[White "Balduan, Markus"]
[Black "Reinemer, Frank"]
[Result "1-0"]
[WhiteElo "2290"]
[BlackElo "2151"]
[PlyCount "93"]
[EventDate "2009.??.??"]
[SourceDate "2009.01.13"]

1. Nf3 f5 2. d3 d6 3. e4 e5 4. Nc3 Nf6 5. exf5 Bxf5 6. d4 e4 7. Nh4 Bg4 8. Be2
Bxe2 9. Qxe2 d5 10. Bg5 c6 11. f3 Be7 12. fxe4 dxe4 13. Nf5 O-O 14. O-O-O Kh8
15. d5 Qd7 16. Rhf1 Bb4 17. Bxf6 Rxf6 18. dxc6 Qxc6 19. Nd5 Na6 20. Nxf6 Qxf6
21. Qxe4 Qb6 22. Qd4 Qc7 23. Qd7 Qe5 24. Qd8+ Qe8 25. Qxe8+ Rxe8 26. c3 Bf8 27.
Rfe1 Rxe1 28. Rxe1 Kg8 29. Re8 Kf7 30. Ra8 Bc5 31. b4 Bg1 32. Nd6+ Ke6 33. Nxb7
Nc7 34. Rh8 h6 35. h3 Kf5 36. Rf8+ Kg5 37. Rf7 Ne6 38. Nc5 Kg6 39. Rxa7 Nf4 40.
Ra6+ Kf5 41. g4+ Kg5 42. Ne6+ Nxe6 43. Rxe6 Kh4 44. Rg6 Kxh3 45. Rxg7 Be3+ 46.
Kc2 Bg5 47. b5 1-0

[Event "6. Bayer Open"]
[Site "Leverkusen"]
[Date "2009.03.02"]
[Round "4"]
[White "Kniest, Oliver"]
[Black "Khanukov, Boris"]
[Result "0-1"]
[WhiteElo "2213"]
[BlackElo "2361"]
[PlyCount "112"]
[EventDate "2009.??.??"]
[SourceDate "2009.01.13"]

1. d4 Nf6 2. c4 e6 3. Nc3 Bb4 4. Qc2 O-O 5. e4 Bxc3+ 6. bxc3 d6 7. Bd3 e5 8.
Ne2 c5 9. O-O Nc6 10. f4 Nd7 11. Ng3 cxd4 12. Ba3 Nc5 13. fxe5 Qa5 14. Bb4 Nxb4
15. cxb4 Qxb4 16. exd6 Nxd3 17. Qxd3 Qxd6 18. Nf5 Bxf5 19. Rxf5 Rac8 20. Rd5
Qa6 21. Rxd4 g6 22. Qb3 Rc5 23. Rad1 Qc6 24. Qa3 a6 25. Rd8 Rxd8 26. Rxd8+ Kg7
27. Qc3+ f6 28. Qd4 Rxc4 29. Qd7+ Qxd7 30. Rxd7+ Kh6 31. Rxb7 Rxe4 32. Rb6 Ra4
33. Rxf6 Rxa2 34. Rf7 Rd2 35. h4 a5 36. Ra7 Rd5 37. Kf2 g5 38. hxg5+ Rxg5 39.
Kf3 Rb5 40. g3 Kg6 41. Ra6+ Kg5 42. Ra7 h5 43. Ra8 Kf5 44. Rf8+ Ke5 45. Ke3 Rd5
46. Ra8 Kd6 47. Ke4 Rg5 48. Kf4 Rc5 49. Ke4 Kc6 50. Rc8+ Kb5 51. Rb8+ Kc4 52.
Rb1 Rg5 53. Kf4 Rb5 54. Rc1+ Kd3 55. Rc8 Kd4 56. Rc1 a4 0-1

[Event "6. Bayer Open"]
[Site "Leverkusen"]
[Date "2009.03.02"]
[Round "4"]
[White "Bigott, Martin"]
[Black "Auer, Martin"]
[Result "0-1"]
[WhiteElo "1683"]
[BlackElo "2242"]
[PlyCount "76"]
[EventDate "2009.??.??"]
[SourceDate "2009.01.13"]

1. d4 d6 2. Nf3 Bg4 3. Bf4 Bxf3 4. exf3 Nd7 5. Bb5 c6 6. Ba4 g6 7. O-O Bg7 8.
c3 Ngf6 9. Nd2 O-O 10. Ne4 Nd5 11. Bg5 h6 12. Bd2 N5b6 13. Bb3 d5 14. Ng3 c5
15. Be3 Rc8 16. f4 e6 17. a4 a5 18. Qe2 cxd4 19. Bxd4 Bxd4 20. cxd4 Qf6 21. Qd2
Nc4 22. Bxc4 Rxc4 23. Ne2 Rb4 24. Ra3 Nb8 25. Rh3 Nc6 26. Rd1 h5 27. b3 {
Weiß bietet Remis an.} Rc8 28. Rc1 Qd8 29. Rcc3 Qb6 30. Qc1 Re8 31. f5 exf5 32.
Nf4 Rxd4 33. Nxh5 Ne5 34. Ng3 Ng4 35. Rc8 Rd1+ 36. Qxd1 Qxf2+ 37. Kh1 Rxc8 38.
Qa1 d4 0-1

[Event "6. Bayer Open"]
[Site "Leverkusen"]
[Date "2009.03.02"]
[Round "4"]
[White "Wolfradt, Dirk"]
[Black "Ziabari, Morteza"]
[Result "1-0"]
[WhiteElo "2078"]
[BlackElo "1840"]
[PlyCount "105"]
[EventDate "2009.??.??"]
[SourceDate "2009.01.13"]

1. d4 d5 2. Nf3 Nf6 3. c4 e6 4. Bg5 Nbd7 5. Nc3 c6 6. e3 Qa5 7. Bxf6 Nxf6 8.
Bd3 dxc4 9. Bxc4 Ne4 10. Rc1 Bb4 {Schwarz bietet Remis an.} 11. Qd3 Ng5 12. Ne5
f6 13. Nf3 Nxf3+ 14. gxf3 Qh5 15. Qe4 f5 16. Qe5 Qf7 17. a3 Be7 18. Ne2 Bf6 19.
Qd6 Be7 20. Qg3 g5 21. f4 h6 22. Qf3 g4 23. Qg2 h5 24. h3 Bf6 25. hxg4 hxg4 26.
Rxh8+ Bxh8 27. f3 gxf3 28. Qxf3 Bd7 29. b4 Qf8 30. Qh5+ Kd8 31. Kd2 a5 32. Qh7
Qg7 33. Rh1 Ke7 34. Qh5 axb4 35. axb4 Qf7 36. Ng1 Bf6 37. Nf3 Rh8 38. Qxf7+
Kxf7 39. Ra1 b5 40. Ra7 Rd8 41. Bb3 Kg6 42. Ne1 Be7 43. Nd3 Bd6 44. Kc3 Kf6 45.
Ba2 Be8 46. Ne5 Bh5 47. Bb3 Be8 48. Rh7 Bg6 $2 49. Nd7+ Rxd7 50. Rxd7 Bf8 51.
Bd1 Be8 52. Rb7 Bd6 53. Bf3 1-0

[Event "6. Bayer Open"]
[Site "Leverkusen"]
[Date "2009.02.26"]
[Round "4"]
[White "Angermünde, Dirk"]
[Black "Krauth, Alexander"]
[Result "1-0"]
[WhiteElo "1966"]
[BlackElo "2132"]
[PlyCount "101"]
[EventDate "2009.??.??"]
[SourceDate "2009.01.13"]

1. e4 c6 2. d4 d5 3. Nc3 dxe4 4. Nxe4 Bf5 5. Nc5 Nd7 6. Bd3 Bxd3 7. Nxd3 e6 8.
Nf3 Ngf6 9. O-O c5 10. c3 Qc7 11. Qa4 Qc6 12. Qxc6 bxc6 13. Re1 cxd4 14. Nxd4
Rc8 15. Bf4 Be7 16. Rad1 Nd5 17. Bg3 c5 18. Nb5 a6 19. Na7 Ra8 20. Nc6 Rc8 21.
c4 Rxc6 22. cxd5 exd5 23. Nf4 Nf6 24. Nxd5 Nxd5 25. Rxd5 Re6 26. Rxe6 fxe6 27.
Rd2 Kf7 28. Kf1 c4 29. Rc2 Rc8 30. Be5 Bf6 31. Bxf6 Kxf6 32. Ke2 Ke5 33. Ke3
Rb8 34. Kd2 Kd4 35. Kc1 Rb7 36. Rd2+ Kc5 37. Kc2 e5 38. f3 Re7 39. Re2 Kd4 40.
Re4+ Kd5 41. Kc3 Rc7 42. Re2 a5 43. Rd2+ Kc5 44. Rd8 Rb7 45. Ra8 e4 46. fxe4
Re7 47. Rc8+ Kb5 48. Rxc4 Rf7 49. Kd3 a4 50. Rc2 Kb4 51. e5 1-0

[Event "6. Bayer Open"]
[Site "Leverkusen"]
[Date "2009.03.02"]
[Round "4"]
[White "Peschel, Andreas"]
[Black "Brinkmann, Sven"]
[Result "1-0"]
[WhiteElo "2084"]
[BlackElo "1896"]
[PlyCount "137"]
[EventDate "2009.??.??"]
[SourceDate "2009.01.13"]

1. d4 Nf6 2. Nf3 e6 3. e3 d5 4. Bd3 Bd6 5. Nbd2 Nbd7 6. O-O O-O 7. b3 e5 8. e4
exd4 9. Nxd4 Nc5 10. exd5 Nxd3 11. cxd3 Nxd5 12. Bb2 Qh4 13. N4f3 Qh5 14. Ne5
Qxd1 15. Rfxd1 c6 16. Ndc4 Bc7 17. h3 Re8 18. Nf3 Bf5 19. Be5 Bxe5 20. Ncxe5 f6
21. Nc4 Rad8 22. Nh4 Bc8 23. Re1 Kf7 24. Rxe8 Kxe8 25. Re1+ Kf7 26. Nb2 Nb4 27.
a3 Nc2 28. Re4 Nxa3 29. g4 Nb5 30. f4 Be6 31. b4 Rd4 32. Nf3 Rxe4 33. dxe4 Nc3
34. f5 Ba2 35. e5 Nd5 36. e6+ Ke7 37. Nd3 b6 38. Nd2 Nc3 39. Kf2 Bd5 40. Ke3
Nb5 41. Nb2 Nd6 42. Kf4 g5+ 43. Ke3 Bg2 44. Kf2 Ne4+ 45. Kxg2 Nxd2 46. Kf2 Ne4+
47. Ke3 Nc3 48. Nd3 Nd5+ 49. Kd4 Kd6 50. Kc4 Nf4 51. Nf2 h5 52. Ne4+ Ke7 53.
Nf2 hxg4 54. hxg4 Nd5 55. b5 Nc7 56. bxc6 Kd6 57. Ne4+ Ke5 58. Nc3 a6 59. Kd3
Kd6 60. Ne4+ Ke5 61. Nd2 Kf4 62. Nc4 Kxg4 63. Ke4 b5 64. Nb6 b4 65. Nd5 b3 66.
Nxf6+ Kh3 67. Kd3 g4 68. Nxg4 Kxg4 69. f6 1-0

[Event "6. Bayer Open"]
[Site "Leverkusen"]
[Date "2009.03.02"]
[Round "4"]
[White "Rotstein, Jefim"]
[Black "Schmitz, Andreas"]
[Result "1-0"]
[WhiteElo "2279"]
[BlackElo "1892"]
[PlyCount "63"]
[EventDate "2009.??.??"]
[SourceDate "2009.01.13"]

1. Nf3 d5 2. e3 Nf6 3. c4 e6 4. Nc3 Be7 5. b3 Nbd7 6. Bb2 c6 7. Be2 O-O 8. O-O
Re8 9. Rc1 b6 10. d3 Bb7 11. Re1 c5 12. d4 Bd6 13. dxc5 Nxc5 14. Nb5 Bb8 15. b4
Nce4 16. c5 bxc5 17. bxc5 Bc6 18. Ne5 Bxe5 19. Bxe5 Nd7 20. Bc7 Qf6 21. f3
Nexc5 22. Bd6 Bxb5 23. Bxb5 a6 24. Bc6 Rac8 25. Rxc5 Nxc5 26. Bxe8 Nb7 27.
Bxf7+ Qxf7 28. Be5 Qd7 29. e4 Rc5 30. h3 Qb5 31. f4 Qc4 $4 32. Qg4 1-0

[Event "6. Bayer Open"]
[Site "Leverkusen"]
[Date "2009.03.02"]
[Round "4"]
[White "Hirth, Ulrich"]
[Black "Birnkott, Manfred"]
[Result "1-0"]
[WhiteElo "2089"]
[BlackElo "1906"]
[PlyCount "85"]
[EventDate "2009.??.??"]
[SourceDate "2009.01.13"]

1. d4 d5 2. Bf4 Nf6 3. c4 e6 4. Nc3 Nbd7 5. e3 dxc4 6. Bxc4 Nb6 7. Bb3 Nbd5 8.
Bg3 Nxc3 9. bxc3 Ne4 10. Qd3 Nc5 11. Qc2 Nxb3 12. axb3 Be7 13. Nf3 O-O 14. h4
h6 15. Ne5 Bd6 16. h5 Bxe5 17. dxe5 Qg5 18. Bf4 Qf5 19. Qe2 Rd8 20. Rd1 Rxd1+
21. Qxd1 b6 22. f3 Bb7 23. g4 Qh7 24. Kf2 Kh8 25. Qd2 Bc6 26. e4 Qg8 27. Rd1
Qf8 28. g5 Qc5+ 29. Qd4 hxg5 30. Bxg5 Rf8 31. h6 Qxd4+ 32. cxd4 gxh6 33. Bxh6
Rc8 34. Bg5 Kh7 35. d5 exd5 36. exd5 Bd7 37. Ke3 a5 38. Ke4 Kg6 39. Bf6 a4 40.
Rg1+ Kh6 41. f4 axb3 42. f5 Kh7 43. Rh1+ 1-0

[Event "6. Bayer Open"]
[Site "Leverkusen"]
[Date "2009.03.02"]
[Round "4"]
[White "Niederreuther, Mark-Niels"]
[Black "Gerdau, Andreas"]
[Result "0-1"]
[WhiteElo "1904"]
[BlackElo "1883"]
[PlyCount "33"]
[EventDate "2009.??.??"]
[SourceDate "2009.01.13"]

1. f4 e5 2. fxe5 d6 3. exd6 Bxd6 4. Nf3 b6 5. e4 Bb7 6. d3 Nd7 7. Nc3 a6 8. Be3
Ngf6 9. Qd2 Ng4 10. Bf4 Bc5 11. d4 Bb4 12. Bd3 Qe7 13. O-O c5 14. d5 c4 15.
Bxc4 Qc5+ 16. Qd4 Nde5 17. Na4 0-1

[Event "6. Bayer Open"]
[Site "Leverkusen"]
[Date "2009.03.02"]
[Round "4"]
[White "Friedsam, Manfred"]
[Black "Kies, Werner"]
[Result "0-1"]
[WhiteElo "1850"]
[BlackElo "1916"]
[PlyCount "69"]
[EventDate "2009.??.??"]
[SourceDate "2009.01.13"]

1. e4 c5 2. Nc3 Nc6 3. g3 g6 4. Bg2 Bg7 5. d3 d6 6. f4 Nf6 7. Nf3 Bg4 8. h3 Bd7
9. Ne2 e5 10. c3 Nh5 11. g4 Nxf4 12. Nxf4 exf4 13. Bxf4 Ne5 14. O-O h5 15. g5
Bc6 16. d4 cxd4 17. cxd4 Nxf3+ 18. Bxf3 O-O 19. Qd2 Qb6 20. Be3 Bd7 21. h4 Rac8
22. Rac1 Rxc1 23. Rxc1 f5 24. e5 f4 25. Bf2 Bg4 26. Be4 Bf5 27. Bd5+ Kh7 28. e6
Re8 29. Bb3 Qb5 30. d5 Re7 31. Qxf4 Be5 32. Qc4 Qa5 33. Bd4 $2 (33. Qe2 $16)
33... Qd2 34. Rd1 $4 (34. Bxe5 $17) 34... Bh2+ 35. Kf1 0-1

[Event "6. Bayer Open"]
[Site "Leverkusen"]
[Date "2009.03.02"]
[Round "4"]
[White "Axmann, Michael"]
[Black "Pützkaul, Karl"]
[Result "1/2-1/2"]
[WhiteElo "1687"]
[BlackElo "1821"]
[PlyCount "30"]
[EventDate "2009.??.??"]
[SourceDate "2009.01.13"]

1. d4 c5 2. e3 cxd4 3. exd4 d5 4. Nf3 Nc6 5. c3 Nf6 6. Bd3 Bg4 7. O-O e6 8.
Nbd2 Be7 9. Qb3 Qc7 10. h3 Bh5 11. Re1 Bg6 12. Bxg6 hxg6 13. Ne5 Nxe5 14. dxe5
Nd7 15. Nf3 O-O 1/2-1/2

[Event "6. Bayer Open"]
[Site "Leverkusen"]
[Date "2009.03.02"]
[Round "4"]
[White "Blomeyer, Peter"]
[Black "Buchkremer, Felix"]
[Result "0-1"]
[WhiteElo "1882"]
[BlackElo "2040"]
[PlyCount "84"]
[EventDate "2009.??.??"]
[SourceDate "2009.01.13"]

1. c4 f5 2. Nc3 Nf6 3. g3 g6 4. Bg2 d6 5. Nf3 Bg7 6. O-O O-O 7. Rb1 Nc6 8. b4
Nh5 9. Qb3 Be6 10. d3 h6 11. b5 Na5 12. Qc2 Rb8 13. Bb2 Bf7 14. e3 e5 15. Ne2
b6 16. Bc3 Nb7 17. a4 Qe7 18. Nd2 Nc5 19. d4 Ne6 20. Rfe1 e4 21. a5 Nf6 22. Bb4
h5 23. h4 g5 24. hxg5 Ng4 25. g6 Bxg6 26. d5 Nc5 27. Nf4 Bf7 28. Nb3 Ne5 29.
Nxc5 dxc5 30. Bc3 h4 31. axb6 axb6 32. Bxe5 Bxe5 33. g4 fxg4 34. Bxe4 Qg5 35.
Ne6 Bxe6 36. dxe6 Bd6 37. Bd5 Kg7 38. Qe4 Rf3 39. Qd3 $2 (39. Re2 $15) 39...
Qe5 $19 40. Kf1 Qh2 41. Rb2 Rbf8 42. Bxf3 gxf3 0-1

[Event "6. Bayer Open"]
[Site "Leverkusen"]
[Date "2009.03.02"]
[Round "4"]
[White "Scharff, Klaus"]
[Black "Liebsch, Ulrich"]
[Result "0-1"]
[WhiteElo "1863"]
[BlackElo "1778"]
[PlyCount "70"]
[EventDate "2009.??.??"]
[SourceDate "2009.01.13"]

1. d4 d5 2. c4 dxc4 3. Nf3 Nf6 4. Nc3 e6 5. e4 Bb4 6. e5 Nd5 7. Qc2 b6 8. Bxc4
Bb7 9. O-O Nxc3 10. bxc3 Be7 11. Qe2 O-O 12. Rd1 Nd7 13. d5 exd5 14. Bxd5 Bxd5
15. Rxd5 Qc8 16. Bg5 f6 17. Rad1 Nc5 18. exf6 Bxf6 19. Bxf6 Rxf6 20. Rd8+ Qxd8
21. Rxd8+ Rxd8 22. h4 Rdf8 23. Qe5 R6f7 24. Ng5 Rxf2 25. Nf3 Rc2 {
Schwarz bietet Remis an.} 26. h5 h6 27. Qd5+ Kh8 28. Ne5 Rff2 29. Ng6+ Kh7 30.
Nh4 Rcd2 31. Qe5 Rxa2 32. Qe8 Rae2 33. Qg6+ Kg8 34. Nf5 Rxg2+ 35. Qxg2 Rxg2+
0-1